El maestro y el robot
Gardado en:
| Autor Principal: | |
|---|---|
| Formato: | Libro |
| Idioma: | Lingua castelá |
| Publicado: |
Madrid
SM
2007
|
| Edición: | 34a. ed |
| Series: | El Barco de Vapor, 11
|
| Subjects: | |
| Tags: |
Engadir etiqueta
Sen Etiquetas, Sexa o primeiro en etiquetar este rexistro!
|
MARC
| LEADER | 00000nam a2200000 a 4500 | ||
|---|---|---|---|
| 001 | UCG3658 | ||
| 003 | CL-VaPUC | ||
| 008 | 100909e20070700SP |||||||||||||||||spa|d | ||
| 020 | |a 9788434812444 | ||
| 082 | 0 | 4 | |a 863 |b CAÑ |2 21 |
| 100 | 0 | |a Cañizo, José A. del |e author |9 552954 | |
| 245 | 1 | 3 | |a El maestro y el robot |
| 250 | |a 34a. ed | ||
| 300 | |a 143 p | ||
| 942 | |c BK | ||
| 945 | |d 20100909 00:00:00 |a mfarfan | ||
| 260 | |a Madrid |b SM |c 2007 | ||
| 650 | 0 | |a Literatura española |9 306261 | |
| 650 | 0 | |a Escritores españoles |9 318145 | |
| 650 | 0 | |a Novelas españolas |9 265052 | |
| 583 | |a last modification |c 20100909 00:00:00 |k Rodrigo Vera | ||
| 490 | 0 | |a El Barco de Vapor, 11 | |
| 999 | |c 342705 |d 342703 | ||